| 000 | 00846nam a2200277Ia 4500 | ||
|---|---|---|---|
| 003 | OSt | ||
| 005 | 20220925165844.0 | ||
| 006 | a|||||r|||| 00| 0 | ||
| 007 | ta | ||
| 008 | 220923b |||||||| |||| 00| 0 eng d | ||
| 020 | _a0444 88644 3 | ||
| 037 | _cGeneral Book | ||
| 040 |
_aRTL _cRTL _beng |
||
| 041 |
_2eng _aeng |
||
| 082 | _aX:71, N0 | ||
| 100 |
_aBlad Michael C _9234951 |
||
| 245 | 0 |
_aMicroeconomics _b Institutions, equilibrium and option |
|
| 260 |
_aAmsterdam _bNorth-Holland Netherland _c1990 |
||
| 300 |
_axiv,423p _ccm. |
||
| 490 | _aAdvanced Textbooks in Economics, 30. | ||
| 500 | _aBibliography:p.409-17; Appendix:p.393-407 | ||
| 650 |
_aMicroeconomics _9234952 |
||
| 700 |
_a Keiding Hans _9234953 |
||
| 942 |
_hX:71, N0 _cGB _2CC |
||
| 999 |
_c478278 _d478278 |
||